Statistics for Countries in the Ottoman Empire

Click here to take the quiz!

General Stats

  • This quiz has been taken 51,380 times
    (51,066 since last reset)
  • The average score is 30 of 36

Answer Stats

%Country% Correct
100Turkey
97%
100Greece
95%
35Egypt
94%
10Iran
94%
80Iraq
94%
100Israel / Palestine
92%
10Saudi Arabia
92%
100Bulgaria
90%
< 1Russia
90%
80Syria
90%
100Romania
89%
100Serbia
89%
100Albania
88%
100Armenia
88%
90Georgia
87%
90Azerbaijan
86%
100Bosnia and Herzegovina
86%
60Croatia
86%
10Libya
86%
10Algeria
84%
80Hungary
84%
50Jordan
84%
100Lebanon
84%
100North Macedonia
84%
40Ukraine
84%
100Cyprus
82%
100Kosovo
81%
90Tunisia
81%
25Yemen
81%
100Montenegro
80%
100Kuwait
78%
100Moldova
75%
< 1Sudan
75%
90Slovakia
72%
10Eritrea
55%
50Djibouti
50%

Score Distribution

Percentile by Number Answered

Percent of People with Each Score

Your Score History

You have not taken this quiz since the last reset